Capital is not the Largest City (clickable) Quiz Stats

 Plays Quiz not verified by Sporcle

Also try: Hidden US States
Challenge
Share
Tweet
Embed
Score 0/14 Timer 03:00
0 Plays Today
% Correct
USA
96.4%
Canada
94.6%
Australia
92.8%
Brazil
92.4%
Switzerland
90.6%
Turkey
90.1%
India
88.8%
% Correct
South Africa
88.8%
New Zealand
87.9%
Nigeria
82.5%
Pakistan
81.6%
Vietnam
81.2%
UAE
78.9%
Belize
67.6%

You're not logged in!

Compare scores with friends on all Sporcle quizzes.
Join for Free
OR
Log In

You Might Also Like...

Show Comments

Extras

Top Quizzes Today


Score Distribution

Your Account Isn't Verified!

In order to create a playlist on Sporcle, you need to verify the email address you used during registration. Go to your Sporcle Settings to finish the process.

Report this User

Report this user for behavior that violates our Community Guidelines.

Details: